000 00694nam a2200253Ia 4500
003 OSt
005 20220925203033.0
006 a|||||r|||| 00| 0
007 ta
008 220923b |||||||| |||| 00| 0 eng d
020 _a389046477
037 _cGeneral Book
040 _aRTL
_cRTL
_beng
041 _2eng
_aeng
082 _aV4447.N7, L1
100 _aRahul Ram
_9106230
245 0 _aModern Bhutan
260 _aDelhi
_bVikas
_c1971
300 _a173p
_ccm.
500 _aBibliography: P 167-69; Appendixes: P 121-60; Glossary: P 161-65
650 _aBhutan History
_9264790
942 _hV4447.N7, L1
_cGB
_2CC
999 _c545039
_d545039